000 00439nam a2200181Ia 4500
001 19324
005 20260306172644.0
008 260306t2002||||xx |||||||||||||| ||spa||
041 _aESP
082 _a658.8342
_bA69
100 _aArellano Cueva, Rolando
_eAUT
245 0 _aComportamiento del consumidor:
_benfoque América Latina
260 _c2002
300 _a
_c
650 _aGEN
654 _aCAN
942 _cLIB
_dJUS
_fJUS
_2ddc
_n
999 _c19324
_d19324